| 000 | 00980nam a2200277 i 4500 | ||
|---|---|---|---|
| 001 | 140298 | ||
| 003 | ES-MaACL | ||
| 005 | 20251204190900.0 | ||
| 007 | t| | ||
| 008 | 070214s1980 sp |||| | spa d | ||
| 080 | _a330.342.13(4-1)(091) | ||
| 245 | 0 | 3 |
_aLa segunda servidumbre en Europa central y oriental / _cS. D. Skazkin, Jerzy Topolski, Johannes Nichtweiss ... [et al.] ; traducción, C. Taibo. |
| 260 |
_aMadrid : _bAkal, _c1980. |
||
| 300 |
_a235 p. ; _c22 cm. |
||
| 490 | 1 |
_aAkal Universitaria. Historia medieval ; _v4 |
|
| 504 | _aReferencias bibliográficas. | ||
| 594 | _aPrólogo, Carlos Estepa. | ||
| 650 | 7 |
_aFeudalismo _2embne _912768 |
|
| 651 | 4 |
_aEuropa- _xHistoria- _y0476-1492. _9160435 |
|
| 700 | 1 |
_aSkazkin, S. D. _9106739 |
|
| 700 | 1 |
_aTaibo, Carlos, _d1965- _9242581 |
|
| 700 | 1 |
_aEstepa Díez, Carlos. _948111 |
|
| 830 | 0 | 0 |
_aAkal universitaria. _pHistoria medieval _v4 _9187171 |
| 852 |
_aES-MaACL _jL-430 |
||
| 999 |
_c140298 _d140298 |
||